000 00525nam a2200205Ia 4500
005 20250508165151.0
008 008 250505s9999 xx 000 0 eng d
020 _a1-219-0259-2
037 _aTextual
040 _aFEDL
_beng
_cFEDL
041 _aeng
_2eng
084 _a547, FIN
_qFEDL
100 _aFinar I L
245 0 _aOrganic chemistry . 2 Vol
260 _aDelhi, India
_bAddison Wesley Longman
490 _vVol. 1
546 _aRSPEE
942 _cTEXL
_h547, FIN
999 _c1393540
_d1393540